000 00826nam a22002897a 4500
001 BR8108777
003 BR-BrBNA
005 20230928091211.0
007 ta
008 230509b bl.||||| |||| 00| 0 por d
040 _aBR-BrBNA
_bpor
_cBiblioteca Nacional de Agricultura
041 _a(Por)
072 _aE20
_b/G514
090 _ E20 BR8108777
110 1 _aInstituto de Pesquisas Economicas e Sociais, Sao Luis, MA (Brasil)
_96201
245 1 _aProduto interno bruto do setor agropecuario do estado do Maranhao - 1970/78
260 3 _aSao Luis, MA (Brasil):
_c1981.
300 _a18 p.
500 _a4 graphs
650 _aPRODUCAO VEGETAL
650 _aPRODUCAO ANIMAL
650 _aPRODUTO INTERNO BRUTO
650 _aRENDA
650 _aMARANHAO
909 _a202309
_bLucia
_c55
_dLucia Elande
942 _cBK
999 _c32796
_d32796